| 000 | 00547nam a2200193Ia 4500 | ||
|---|---|---|---|
| 008 | 120918t2007 xxu||||| |||| 00| 0 eng d | ||
| 041 | _aeng | ||
| 080 |
_a8-31 (eng) _bSEL |
||
| 100 | _aSeltzer,David | ||
| 245 | _aමිනීමරු පල්ලිය | ||
| 246 | _aMinimaru Palliya | ||
| 260 |
_aSooriya Publishers _aColombo _c2007 |
||
| 300 | _b218p, 21 cm | ||
| 500 | _aSinhalese Translation of D.Seltzer's of The Omen | ||
| 700 |
_aHewawasam,Abhaya _etr. |
||
| 942 | _cBK | ||
| 999 |
_c41803 _d41803 |
||
| 003 | LK-CoDNM | ||
| 040 |
_aLK-CoDNM _dLK-CoDNM _eLK-CoDNM |
||